000 00507nam a2200157 a 4500
001 7831
005 20180713191731.0
008 140415s1984 sp 000 0 spa d
041 _aspa
082 _a980
_bAME
245 0 0 _aAMERICA LATINA :
_bSINTESIS HISTORICA, POLITICA, ECONOMICA Y CULTURAL
250 _a1a ed.
260 _aESPAÑA :
_bHERDER,
_c1984
300 _a381
650 1 4 _aAMERICA LATINA
_xCONDICIONES ECONOMICAS
_xAMERICA LATINA
_xCONDICIONES SOCIALES
_xAMERICA LATINA
_xHISTORIA
999 _c7831
_d7831